Transakcie v cudzej mene medzi platiteľmi DPH

Cudzia mena v transakciách medzi slovenskými podnikateľskými subjektami - právne úpravy. Účtovanie o kurzových rozdieloch. Fakturácia a uskutočňovanie platieb v cudzej mene medzi platiteľmi DPH účtujúcimi v sústave podvojného účtovníctva.

Gespeichert in:
Bibliographische Detailangaben
1. Verfasser: Frimmelová, Anna
Format: Buchkapitel
Sprache:Slowakisch
Schlagworte:
Tags: Tag hinzufügen
Keine Tags, Fügen Sie das erste Tag hinzu!

MARC

LEADER 00000naa a2200000 4500
001 r043726
005 20230925125259.2
041 0 |a slo 
044 |a SK 
245 1 0 |a Transakcie v cudzej mene medzi platiteľmi DPH  |c Anna Frimmelová 
520 |a Cudzia mena v transakciách medzi slovenskými podnikateľskými subjektami - právne úpravy. Účtovanie o kurzových rozdieloch. Fakturácia a uskutočňovanie platieb v cudzej mene medzi platiteľmi DPH účtujúcimi v sústave podvojného účtovníctva. 
610 2 0 |a účtovanie 
610 2 0 |a fakturovanie 
610 2 0 |a podnikatelia 
610 2 0 |a rozdiely kurzové 
610 2 0 |a účtovníctvo podvojné 
610 2 0 |a úpravy právne 
610 2 0 |a Slovensko 
100 1 |a Frimmelová, Anna